| 000 | 01396nam a2200349 i 4500 | ||
|---|---|---|---|
| 001 | 000000734 | ||
| 003 | DO-SdBNP | ||
| 005 | 20230612103656.0 | ||
| 007 | ta | ||
| 008 | 090429s2021 dr r 001 0 spa d | ||
| 020 | _a9789945623031 | ||
| 040 |
_aDO-SdBNP _bspa _cBNPHU _erda |
||
| 082 |
_a341.0266 _bR426c _222 |
||
| 110 | 2 |
_aRepública Dominicana. _bSecretaría de Estado de Relaciones Exteriores _92256 |
|
| 245 | 1 | 0 |
_aLa comisión mixta bilateral dominico-haitiana : _bun instrumento idóneo para favorecer la política de "buena vencidad" / _cAlexander García López, Rosanna Álvarez Díaz |
| 264 |
_aSanto Domingo : _bMinisterio de Relaciones Exteriores, _c2021 |
||
| 300 |
_a35 paginas ; _c23 cm. |
||
| 336 |
_2rdacontent _atexto _btxt |
||
| 337 |
_2rdamedia _asin mediación _bn |
||
| 338 |
_2rdacarrier _avolumen _bnc |
||
| 490 |
_aPensamiento Internacional ; _v2 |
||
| 505 | 2 | _t- | |
| 590 | _aInventariado, 2023 / DG | ||
| 650 | 4 |
_aConvenios (derecho) _zRepública Dominicana _y1867-1979 _92501 |
|
| 650 | 4 |
_aConvenios (derecho) _zHaití _y1867-1979 _92502 |
|
| 651 | 4 |
_aRepública Dominicana _xTratados Comerciales _y1867-1979 _92503 |
|
| 651 | 4 |
_aHaití _xTratados Comerciales _zRepública Dominicana _y1867-1979 _92504 |
|
| 651 | 4 |
_aRepública Dominicana _xRelaciones Exteriores _zHaití _92233 |
|
| 700 | 1 |
_aÁlvarez Diaz, Rosanna _eautor _92505 |
|
| 910 | _aDG | ||
| 942 |
_2ddc _cLF2 |
||
| 999 |
_c53770 _d53770 |
||